Quizz Football#1 - Statistiques

Statistiques générales
  • Ce quiz a été pris 269 fois
  • Le résultat moyen est 9 sur 20
Statistiques - réponses
Par images Réponse % Correct
Mathieu Valbuena
82%
Bradley Barcola
81%
Virgil Van Dijk
76%
Xavi Simons
74%
Francesco Totti
70%
Oliver Kahn
64%
Maxwell
61%
Emmanuel Petit
55%
Laurent Koscielny
55%
Giovanni Reyna
52%
Florent Balmont
38%
marius tresor
36%
Adel Taarabt
30%
Quentin Ndjantou
30%
André Schürrle
22%
Frank Magri
15%
Henry Onyekuru
7%
Brian Madjo
4%
Francesco Pio Esposito
3%
Bruno Carotti
1%
Aucun quiz correspondant
Distribution des résultats
% des personnes avec chaque résultat
Percentile par nombre de réponses
Votre historique - résultats
Vous n’avez pas pris ce quiz